[Event "Bolton op"]
[Site "Bolton"]
[Date "1997.??.??"]
[Round "?"]
[White "Wilson, Andrew"]
[Black "Lund, D Brett"]
[Result "0-1"]
[WhiteElo "1950"]
[BlackElo "2305"]
[PlyCount "86"]
[EventDate "1997.??.??"]
[EventType "swiss"]
[EventRounds "9"]
[EventCountry "ENG"]
[SourceTitle "EXT 2003"]
[Source "ChessBase"]
[SourceDate "2002.11.25"]
[SourceVersion "1"]
[SourceVersionDate "2002.11.25"]
[SourceQuality "1"]

1. c4 d6 2. Nc3 e5 3. Nf3 f5 4. d4 e4 5. Ng5 Be7 6. Nh3 Nf6 7. g3 0-0 8. Bg2 c6 9. 0-0 Na6 10. f3 exf3 11. exf3 d5 12. b3 c5 13. Nf4 dxc4 14. d5 cxb3 15. Qxb3 Kh8 16. Bb2 c4 17. Qc2 Nb4 18. Qe2 Nd3 19. Nxd3 cxd3 20. Qe3 f4 21. gxf4 Nh5 22. Rfe1 Bh4 23. Ba3 Bxe1 24. Rxe1 Bd7 25. Bxf8 Qxf8 26. Qxd3 Nxf4 27. Qd4 Qf7 28. Bf1 Rf8 29. Re3 Bh3 30. Bxh3 Nxh3+ 31. Kg2 Nf4+ 32. Kf2 h6 33. Ne2 Nxd5 34. Rd3 Nf6 35. a3 b6 36. a4 Qh5 37. h4 Ng4+ 38. Kg3 Nf6 39. Nf4 Qf5 40. Qb4 Re8 41. Rc3 g5 42. Ng2 Qe5+ 43. Kh3 Nd5 0-1